00883nam a22002057a 4500999001900000005001700019010001300036020002600049035001200075037001800087082001000105100005100115245014600166246005200312260005000364270007400414300002300488942003000511952013600541 c186440d18644020220302114113.0 aUR-11452 c300.00a9789390789627 aU-10007 bDBAD/PUBadpl a808.4 dمر تبہ: محمد ا نو ر ا لد يں  aبہا ر آ خر شد (ڈ ا کٹر سيد عبا س متقی کے منتخب خا کے ) cمر تبہ: محمد ا نو ر ا لد يں  bBahar Aakhir Shud (Urdu)aby Mohd. Anweruddin  aDelhi bEducational Publishing Housec2020 ء a3191,Vakil Street,Kucha Pandit,Lal Kuan,bDelhi e110006k23216162l- a128 ص c22 Cm(Hb) 2ddccURh808.4mم ح م  001040718NFICaDBADbLd2022-03-02eDBAD/PUBg300.00l0o808.4 م ح مpU-10007r2022-03-02 00:00:00t1v300.00w2022-03-02yUR